| 000 | 00837aam a2200325 4500 | ||
|---|---|---|---|
| 005 | 20241129151155.0 | ||
| 008 | 150818b xxu||||| |||| 00| 0 spa d | ||
| 041 | _aEspañol | ||
| 082 | _a658.312.404 L525c | ||
| 100 |
_aLeibling, Mike _918819 |
||
| 100 |
_aPrior, Robin _918820 |
||
| 245 | _aCoaching: paso a paso, métodos que funcionan | ||
| 260 | _aEspaña | ||
| 260 | _bGestion 2000 | ||
| 260 | _c2003 | ||
| 300 | _a190 páginas | ||
| 650 | _aADMINISTRACIÓN DE PERSONAL | ||
| 650 | _aCOACHING | ||
| 650 | _aORIENTACIÓN | ||
| 650 | _aCOACHING EN EL TRABAJO | ||
| 650 | _aTÉCNICA ABC | ||
| 650 | _aCAPACITACIÓN DE PERSONAL | ||
| 650 | _aLIDERAZGO | ||
| 650 | _aDESARROLLO PERSONAL | ||
| 650 | _aMOTIVACIÓN | ||
| 650 | _aESTRATEGIA | ||
| 650 | _aCOMPUTADORES | ||
| 942 |
_cBK _2ddc |
||
| 999 |
_c589 _d589 |
||